Criminal Minds Characters by Episode Count - Statistics

General Stats
  • This quiz has been taken 212 times
    12 since last reset
  • The average score is 10 of 35
Answer Stats
Hint Answer % Correct
325 Spencer Reid
100%
256 Aaron Hotchner
91%
304 David Rossi
91%
251 Derek Morgan
91%
353 Penelope Garcia
91%
225 Emily Prentiss
82%
322 Jennifer Jareau
82%
47 Jason Gideon
64%
48 Alex Blake
36%
10 Ashley Seaver
36%
99 Luke Alvez
36%
28 Elle Greenway
27%
22 Erin Strauss
27%
23 Kate Callahan
27%
49 Matt Simmons
27%
111 Tara Lewis
27%
4 Cat Adams
18%
15 Stephen Walker
18%
10 Diana Reid
9%
8 Jordan Todd
9%
20 Kevin Lynch
9%
6 Mateo Cruz
9%
3 Peter Lewis
9%
29 William LaMontagne
9%
30 Elias Volt
0%
18 Grant Anderson
0%
13 Haley Brooks
0%
16 Henry LaMontagne
0%
25 Jack Hotchner
0%
4 Joy Struthers
0%
13 Kristy Simmons
0%
6 Krystall Richards
0%
8 Michael LaMontagne
0%
10 Savannah Hayes
0%
27 Tyler Green
0%
No matching quizzes found
Score Distribution
Percent of People with Each Score
Percentile by Number Answered
Your Score History
You have not taken this quiz since the last reset